00230nam a2200085Ia 4500008004100000100005200041245003300093260000900126300000900135190216s9999||||xx |||||||||||||| ||und|| aProfessional Staff Of The Bennett College 0aCosting Systems And Accounts bNull a279p